02544cam a22003014a 45000010009000000050017000090080041000260100017000670200015000840350024000990400018001230410023001410420008001640820015001721000043001872450084002302460023003142600093003373000046004305000017004765040052004935040029005455051537005745460034021116000061021456500015022067000021022211404979120220326193327.0050714s2004 be a bq f000 0dfre  a 2005450728 a2873401842 a(CaONFCNI)ny0354187 aDLCcDLCdDLC1 aengafreaspahfre apcc00a701bC855d aLe Bon, Laurent. et Coulibeuf, Pierre,00aPierre Coulibeuf, Le démon du passage /csous la direction de Laurent Le Bon.30aDémon du passage a[Paris] :bMinistère des affaires étrangères ;a[Crisnée] :bYellow Now,c[2004] a150 p. :bill. (some col.) ;c17 x 24 cm. aCover title. aIncludes bibliographical references (p. [102]). aFilmography: p. 139-144. tSummarietImages et textes tGaia Riposati et Francois Mussard tMichelangelo PistolettotWilliam Forsythe tEls DeceukeliertPaysagetAnieszka SlosarskatMeg Stuart et Davis FreemantMeg Stuart tMarina Abramovic tMichelangelo Pistoletto tSbille Grimbert tAnieszka SlosarskatMarina Abramovic tJacques MonroytMarina AbramovictDelphine DoukhantMarina AbramovictAnieszka SlosarskatIsabelle Dellamont et Pia ViewingtKristina Solomoukha et Delphine Doukhan tGaia Riposati et Francois Mussard tGaia Riposati et Francois Mussard tMarc -Ernest Fourneau tMichelangelo Pistoletto tPaysagetChantal Delanoe et pierre CoulibeuftErna Omarsdottir tFrancois Mussard et Pierre KlossowskitMarina Abramovic tMichel Butor tAude du Pasquier Grall, Kristina Solomoukha et Delphine DoukhantAude du Pasquier Grall et Delphine DoukhantKristina Solomoukha et Pierre ThorettontAude du Pasquier Grall et Delphine DoukhantFrancois Mussard et Pierre KlossowskitSybille Grimbert tFrancois MussardtLe Demon du Passage, page de titre t"entre-deux" par Laurent Le Bon tPierre KlossowskitAude du Pasquier Grall, Delphine Doukhan et Kristina SolomoukhatAude du Pasquier Grall, Kristina Solomoukha et Delphine DoukhantReperes bibliographiques tTraductions. Aude du Pasquier Grall in le Demon du Passage tBiofilmographie. Meg Stuart in Somewhere in the BetweentLa Diffusion des Films de Pierre Coulibeuf a l`etranger tSommaire tColophontAgniezka Slosarsaka in Lost Paradise tKristina Solomoukha in le Demon du Passsage aFrench, English, and Spanish.10aCoulibeuf, Pierre,d1949-xCriticism and interpretation. vart-cinema1 aLe Bon, Laurent.